000 00726nam a22002297a 4500
001 42026
003 BD-RjUL
005 20211209053501.0
008 160608r19681967enka|||| |||| 001 0 eng d
035 _a(BD-RjUL)42144
040 _aBD-RjUL
_beng
_cBD-RjUL
_dBD-RjUL
041 _aeng
082 _223
_a940.53
_bTHA 1968
100 1 0 _aThorne, Christopher
_9129202
245 1 4 _aThe Approach of War 1938-39 /
_cChristopher Thorne
260 _aLondon :
_bMacmillan;
_aNew York :
_bSt Martin's Press,
_cc1967 [reprint 1968]
300 _axiv, 232 p. :
_bmaps,
_c20 cm.
504 _aIncludes Bibliography
650 _aWorld War
_y1938-39
_9129203
830 _aThe Making of the Twentieth Century
_9129489
942 _2ddc
_cBK
999 _c42026
_d42026